000 00595nam a2200169 a 4500
001 000035283
005 20200930074229.0
008 111027s1988 sp 000 0 spa d
020 _a8400069218
040 _aDO-SdBNP
_bspa
_cBNPHU
100 1 _aAlonso Diago, María de los Angeles.
_961050
245 1 0 _aHistoria de la tierra y de la vida /
_cM. Angeles Alonso Diago y Carmen Sesé Benito.
260 _aMadrid,España :
_bMuseo Nacional de Ciencias Naturales,
_c1988.
300 _a118 p. :
_bil., gráf., mapas ;
_c21 cm.
500 _aTexto a dos columnas
500 4 _aBibliografía: p. (116)
999 _c34774
_d34774